000
00316 a2200157 4500
001
188028
020
_a
040
_c
Magnum
100
_a
Borém, Humberto
240
1
0
_a
Um rato no prato
_l
por
245
1
0
_a
Um rato no prato
300
_a
24
362
0
_a
2002
697
_a
LITERATURA INFANTIL
942
_c
BK
999
_c
188028
_d
188028